Angažujú sa za kultúrnu politiku našej strany o činnosti fotokrúžku pri ZK ROH VSS n. p. Košice

Bibliographic Details
Main Authors: Zahornacký, Ján (Author), Lešnik, A. (Author)
Format: Article
Language:Slovak
PhysicalDescription:Obr.
Subjects:

MARC

LEADER 00000nab a2200000 a 4500
001 vtls008961823
003 SK-MaSNL
005 20260303070710.0
008 070207 1977 xo 000 0 slo
015 |a SNBRB1977 
040 |a SNKBUCL  |b slo  |c SNKBUCL  |e AACR2 
041 0 |a slo 
044 |a xo  |c SK 
080 |a 77.03/.08-027.562  |2 2001 
100 1 |a Zahornacký, Ján  |4 aut  |9 377175 
245 1 0 |a Angažujú sa za kultúrnu politiku našej strany  |b o činnosti fotokrúžku pri ZK ROH VSS n. p. Košice  |c Ján Zahornacký ; Zap. A. Lešnik 
300 |a Obr. 
650 0 7 |a amatérska fotografia  |2 SNKPH  |9 72795 
651 7 |a Košice (Slovensko)  |2 SNKPHgeo  |9 18694 
700 1 |a Lešnik, A.  |4 aut  |9 937025 
773 0 |t Osvetová práca  |g Roč. 27, č. 1 (1977), s. 17 
999 |c 1756561  |d 1758491